Postmoderna v macedónskej literatúre

Bibliographic Details
Main Author: Taneski, Zvonko, 1980- (Author)
Format: Article
Language:Slovak
ISSN:1210-2210
Subjects:

MARC

LEADER 00000nab a2200000 a 4500
001 vtls008688502
003 SK-MaSNL
005 20260304135603.0
008 250505c2005 xo mr|p|||||||000 b|slo
015 |a SNBRB2006/04  |2 snkbucl 
035 |a (uuid)9dc67546-9e9b-4e06-9cd1-bb3e07e42286 
035 |a urn:nbn:sk:snk-abbzrv 
035 |a (urnnbn)urn:nbn:sk:snk:ar-003t73 
038 |a SNKBUCL 
040 |a SNKBUCL  |b slo  |c SNKBUCL  |e AACR2 
041 0 |a slo 
044 |a xo  |c SK 
080 |a 82(091):821.163.3"196/20"  |2 1997 
080 |a 821.163.3  |x (091)  |x "196/20"  |2 1997 
080 |a 82.02:821.163.3  |x "196/20"  |2 1997 
100 1 |a Taneski, Zvonko,  |d 1980-  |4 aut  |9 103672 
245 1 0 |a Postmoderna v macedónskej literatúre  |c Zvonko Taneski 
648 7 |a 20. stor.  |2 snkbucl  |9 275975 
648 7 |a 60.-90. r.-21. stor.  |2 snkbucl  |9 1277112 
650 0 7 |a postmodernizmus  |2 snkbucl  |9 4085 
650 0 7 |a dejiny macedónskej literatúry  |2 snkbucl  |9 80005 
773 0 |t Dotyky  |g Roč. XVII, č. 2 (2005), s. 88  |x 1210-2210 
850 |a Slovenská národná knižnica 
852 |a Slovenská národná knižnica 
958 |a article15 
958 |a OND 
958 |a LX 
958 |a MK 
958 |a EUIPO 
999 |c 2911348  |d 2913278